| 000 -ლიდერი |
| ფიქსირებული სიგრძის საკონტროლო ველი |
01687nam a2200289Ia 4500 |
| 001 - საკონტროლო ნომერი |
| საკონტროლო ველი |
14078 |
| 003 - საკონტროლო ნომრის იდენტიფიკატორი |
| საკონტროლო ველი |
GE_BSU |
| 005 - ბოლო ოპერაციის თარიღი და დრო |
| საკონტროლო ველი |
20241003133335.0 |
| 008 - ფიქსირებული სიგრძის მონაცემთა ელემენტები - ზოგადი ინფორმაცია |
| ფიქსირებული სიგრძის საკონტროლო ველი |
181216s2001||||ge |||||||||||||| ||geo|| |
| 040 ## - კატალოგიზაციის წყარო |
| Transcribing agency |
GE_BSU |
| 041 ## - ენის კოდი |
| Language code of text/sound track or separate title |
geo |
| 080 ## - უნივერსალური ათობითი კლასიფიკაციის ინდექსი |
| Universal Decimal Classification number |
615.2(075.8)+615.1 კ-37 |
| 100 ## - მთავარი ჩანაწერი - პიროვნების სახელი |
| Personal name |
კეზელი, თამარ. |
| 9 (RLIN) |
23302 |
| 245 ## - ცნობა სათაურის შესახებ |
| Title |
კლინიკური ფარმაცია ფარმაკოთერაპიით : |
| Remainder of title |
სახელმძღვ. თბილ. სახელმწ. სამედ. უნ-ტის სტუდენტებისა და ფარმაცევტებისათვის / |
| Statement of responsibility, etc |
ავტ. და რედ. თამარ კეზელი ; თანაავტ.: რ. მახარაძე, თ. კუცია, თ. სეფერთელაძე [და სხვ.]. |
| 250 ## - გამოცემის ცნობა |
| Edition statement |
1-ლი გამოცემა |
| 264 ## - წარმოების, გამოცემის, დისტრიბუციის და სხვა ცნობები |
| გამოცემის, წარმოების, დისტრიბუციის... ადგილი |
თბილისი: |
| გამოცემის, წარმოების, დისტრიბუციის... სახელწოდება |
მეცნიერება, |
| გამოცემის, წარმოების, დისტრიბუციის... თარიღი |
2001, |
| 300 ## - ფიზიკური აღწერა |
| Extent |
311 გვ.: |
| Other physical details |
ცხრ., ილ. ; |
| Dimensions |
29 სმ. |
| 653 ## - INDEX TERM--UNCONTROLLED |
| Uncontrolled term |
ფარმაკოთერაპია |
| 653 ## - INDEX TERM--UNCONTROLLED |
| Uncontrolled term |
მედიცინა |
| 700 ## - ADDED ENTRY--PERSONAL NAME |
| Personal name |
მახარაძე, რ. |
| Relator term |
ავტორი |
| 9 (RLIN) |
4900 |
| 700 ## - ADDED ENTRY--PERSONAL NAME |
| Personal name |
კუცია, თ. |
| Relator term |
ავტორი |
| 9 (RLIN) |
23303 |
| 700 ## - ADDED ENTRY--PERSONAL NAME |
| Personal name |
სეფერთელაძე, თ. |
| Relator term |
ავტორი. |
| 9 (RLIN) |
23304 |
| 700 ## - ADDED ENTRY--PERSONAL NAME |
| Personal name |
კვირიკაშვილი, ფ. |
| Relator term |
ავტორი |
| 9 (RLIN) |
23305 |
| 700 ## - ADDED ENTRY--PERSONAL NAME |
| Personal name |
თურმანიძე, ნ. |
| Relator term |
ავტორი. |
| 9 (RLIN) |
16194 |
| 856 ## - ELECTRONIC LOCATION AND ACCESS |
| Uniform Resource Identifier |
https://dspace.nplg.gov.ge/bitstream/1234/466106/1/Klinikuri_Farmacia_Farmakoterapiit_2001.pdf |
| Link text |
ელ. ვერსია |
| 942 ## - ADDED ENTRY ELEMENTS (KOHA) |
| Koha item type |
წიგნი |
| Source of classification or shelving scheme |
|